000 00690cam a2200193 4500
001 ABS67038
008 031003n2003 000 0 eng u
035 _a(Sirsi) u123839
100 _aPritchett, I.
245 _aInto the limelight
260 _c2003
490 _aArchitects' Journal
_v 218(5) 31 July 2003, 34-35(2)
520 _aLooks at the resurgence of lime as a material which can be used on more flexible buildings and for energy efficiency. Explains some of its qualities and advantages over the use of ordinary, more traditional mortar.
590 _aABS
650 _aLIME MORTARS
650 _aMORTARS
690 _aBUILT ENVIRONMENT-BUILDING MATERIALS
942 _n0
999 _c73555
_d73555